<?xml version="1.0" encoding="UTF-8"?>
<record
    xmlns:xsi="http://www.w3.org/2001/XMLSchema-instance"
    xsi:schemaLocation="http://www.loc.gov/MARC21/slim http://www.loc.gov/standards/marcxml/schema/MARC21slim.xsd"
    xmlns="http://www.loc.gov/MARC21/slim">

  <leader>02696nam0a2200397   4500</leader>
  <controlfield tag="001">RU\NLR\BIBL_A\011856106</controlfield>
  <controlfield tag="005">20260407115708.0</controlfield>
  <datafield tag="035" ind1=" " ind2=" ">
    <subfield code="a">(NLR Aleph) 011856106</subfield>
  </datafield>
  <datafield tag="090" ind1=" " ind2=" ">
    <subfield code="a">12126522</subfield>
    <subfield code="c">12126522</subfield>
  </datafield>
  <datafield tag="100" ind1=" " ind2=" ">
    <subfield code="a">20181106d1897    |||y0rusy50      ca</subfield>
  </datafield>
  <datafield tag="101" ind1="0" ind2=" ">
    <subfield code="a">rus</subfield>
  </datafield>
  <datafield tag="102" ind1=" " ind2=" ">
    <subfield code="a">RU</subfield>
  </datafield>
  <datafield tag="105" ind1=" " ind2=" ">
    <subfield code="a">y   z   000 y</subfield>
  </datafield>
  <datafield tag="200" ind1="1" ind2=" ">
    <subfield code="a">&#x41E; &#x434;&#x43E;&#x43F;&#x43E;&#x43B;&#x43D;&#x435;&#x43D;&#x438;&#x438; &#x43F;&#x440;&#x430;&#x432;&#x438;&#x43B; &#x43E; &#x432;&#x44B;&#x447;&#x435;&#x442;&#x430;&#x445; &#x43F;&#x440;&#x438; &#x443;&#x432;&#x435;&#x43B;&#x438;&#x447;&#x435;&#x43D;&#x438;&#x438; &#x441;&#x43E;&#x434;&#x435;&#x440;&#x436;&#x430;&#x43D;&#x438;&#x44F; &#x441;&#x43E;&#x441;&#x442;&#x43E;&#x44F;&#x449;&#x438;&#x43C; &#x43D;&#x430; &#x433;&#x43E;&#x441;&#x443;&#x434;&#x430;&#x440;&#x441;&#x442;&#x432;&#x435;&#x43D;&#x43D;&#x43E;&#x439; &#x441;&#x43B;&#x443;&#x436;&#x431;&#x435; &#x43B;&#x438;&#x446;&#x430;&#x43C;</subfield>
    <subfield code="e">&#x43F;&#x440;&#x435;&#x434;&#x441;&#x442;&#x430;&#x432;&#x43B;&#x435;&#x43D;&#x438;&#x435; &#x43F;&#x43E; &#x441;&#x435;&#x43C;&#x443; &#x434;&#x435;&#x43B;&#x443; &#x440;&#x430;&#x437;&#x43E;&#x441;&#x43B;&#x430;&#x43D;&#x43E; &#x427;&#x43B;&#x435;&#x43D;&#x430;&#x43C; &#x413;&#x43E;&#x441;&#x443;&#x434;&#x430;&#x440;&#x441;&#x442;&#x432;&#x435;&#x43D;&#x43D;&#x43E;&#x433;&#x43E; &#x421;&#x43E;&#x432;&#x435;&#x442;&#x430;, &#x432; &#x43F;&#x435;&#x447;&#x430;&#x442;&#x43D;&#x44B;&#x445; &#x44D;&#x43A;&#x437;&#x435;&#x43C;&#x43F;&#x43B;&#x44F;&#x440;&#x430;&#x445;</subfield>
    <subfield code="f">&#x413;&#x43E;&#x441;&#x443;&#x434;&#x430;&#x440;&#x441;&#x442;&#x432;&#x435;&#x43D;&#x43D;&#x44B;&#x439; &#x421;&#x43E;&#x432;&#x435;&#x442; &#x432; &#x421;&#x43E;&#x435;&#x434;&#x438;&#x43D;&#x435;&#x43D;&#x43D;&#x44B;&#x445; &#x434;&#x435;&#x43F;&#x430;&#x440;&#x442;&#x430;&#x43C;&#x435;&#x43D;&#x442;&#x430;&#x445; &#x413;&#x43E;&#x441;&#x443;&#x434;&#x430;&#x440;&#x441;&#x442;&#x432;&#x435;&#x43D;&#x43D;&#x43E;&#x439; &#x44D;&#x43A;&#x43E;&#x43D;&#x43E;&#x43C;&#x438;&#x438; &#x438; &#x437;&#x430;&#x43A;&#x43E;&#x43D;&#x43E;&#x432;. &#x41C;&#x438;&#x43D;&#x438;&#x441;&#x442;&#x435;&#x440;&#x441;&#x442;&#x432;&#x43E; &#x444;&#x438;&#x43D;&#x430;&#x43D;&#x441;&#x43E;&#x432;. 30 &#x44F;&#x43D;&#x432;&#x430;&#x440;&#x44F; 1897 &#x433;&#x43E;&#x434;&#x430;. &#x2116; 39</subfield>
  </datafield>
  <datafield tag="210" ind1=" " ind2=" ">
    <subfield code="a">[&#x421;&#x430;&#x43D;&#x43A;&#x442;-&#x41F;&#x435;&#x442;&#x435;&#x440;&#x431;&#x443;&#x440;&#x433;</subfield>
    <subfield code="c">&#x431;. &#x438;.]</subfield>
    <subfield code="d">1897</subfield>
  </datafield>
  <datafield tag="215" ind1=" " ind2=" ">
    <subfield code="a">2 &#x441;.</subfield>
    <subfield code="d">33</subfield>
  </datafield>
  <datafield tag="300" ind1=" " ind2=" ">
    <subfield code="a">&#x412; &#x43A;&#x43E;&#x43D;&#x446;&#x435; &#x442;&#x435;&#x43A;&#x441;&#x442;&#x430;: &#x41F;&#x43E;&#x434;&#x43F;&#x438;&#x441;&#x430;&#x43B;&#x438;: &#x414;. &#x421;&#x43E;&#x43B;&#x44C;&#x441;&#x43A;&#x438;&#x439;, &#x41C;. &#x41A;&#x430;&#x445;&#x430;&#x43D;&#x43E;&#x432;, &#x412;. &#x41C;&#x430;&#x440;&#x43A;&#x443;&#x441; [&#x438; &#x434;&#x440;.]; &#x421;&#x43A;&#x440;&#x435;&#x43F;&#x438;&#x43B;: &#x421;&#x442;&#x430;&#x442;&#x441;-&#x441;&#x435;&#x43A;&#x440;&#x435;&#x442;&#x430;&#x440;&#x44C; &#x413;. &#x428;&#x430;&#x43C;&#x448;&#x438;&#x43D;</subfield>
  </datafield>
  <datafield tag="300" ind1=" " ind2=" ">
    <subfield code="a">&#x41D;&#x430; 1-&#x439; &#x441;.: CLIV</subfield>
  </datafield>
  <datafield tag="309" ind1=" " ind2=" ">
    <subfield code="a">&#x411;&#x435;&#x437; &#x442;&#x438;&#x442;. &#x43B;. &#x438; &#x43E;&#x431;&#x43B;.</subfield>
  </datafield>
  <datafield tag="601" ind1="0" ind2="0">
    <subfield code="a">&#x420;&#x43E;&#x441;&#x441;&#x438;&#x44F;</subfield>
    <subfield code="b">&#x414;&#x435;&#x43F;&#x430;&#x440;&#x442;&#x430;&#x43C;&#x435;&#x43D;&#x442; &#x433;&#x43E;&#x441;&#x443;&#x434;&#x430;&#x440;&#x441;&#x442;&#x432;&#x435;&#x43D;&#x43D;&#x43E;&#x439; &#x44D;&#x43A;&#x43E;&#x43D;&#x43E;&#x43C;&#x438;&#x438;</subfield>
    <subfield code="9">2388205</subfield>
    <subfield code="3">RU\NLR\AUTH\6601644949</subfield>
  </datafield>
  <datafield tag="606" ind1="1" ind2=" ">
    <subfield code="a">&#x424;&#x438;&#x43D;&#x430;&#x43D;&#x441;&#x44B;</subfield>
    <subfield code="x">&#x418;&#x441;&#x442;&#x43E;&#x440;&#x438;&#x44F;</subfield>
    <subfield code="y">&#x420;&#x43E;&#x441;&#x441;&#x438;&#x44F;</subfield>
    <subfield code="9">1256568</subfield>
    <subfield code="3">RU\NLR\AUTH\66515235</subfield>
  </datafield>
  <datafield tag="686" ind1="1" ind2=" ">
    <subfield code="a">&#x423;03(2)5-212.11</subfield>
  </datafield>
  <datafield tag="686" ind1="1" ind2=" ">
    <subfield code="a">&#x423;26(28)</subfield>
  </datafield>
  <datafield tag="702" ind1=" " ind2="1">
    <subfield code="4">720</subfield>
    <subfield code="8">rus</subfield>
    <subfield code="7">ca</subfield>
    <subfield code="a">&#x421;&#x43E;&#x43B;&#x44C;&#x441;&#x43A;&#x438;&#x439;</subfield>
    <subfield code="b">&#x414;. &#x41C;.</subfield>
    <subfield code="c">&#x433;&#x43E;&#x441;. &#x434;&#x435;&#x44F;&#x442;&#x435;&#x43B;&#x44C;</subfield>
    <subfield code="f">1833-1910</subfield>
    <subfield code="g">&#x414;&#x43C;&#x438;&#x442;&#x440;&#x438;&#x439; &#x41C;&#x430;&#x440;&#x442;&#x44B;&#x43D;&#x43E;&#x432;&#x438;&#x447;</subfield>
    <subfield code="3">RU\NLR\AUTH\7783181</subfield>
    <subfield code="9">66109</subfield>
  </datafield>
  <datafield tag="702" ind1=" " ind2="1">
    <subfield code="4">720</subfield>
    <subfield code="7">ca</subfield>
    <subfield code="8">rus</subfield>
    <subfield code="a">&#x41A;&#x430;&#x445;&#x430;&#x43D;&#x43E;&#x432;</subfield>
    <subfield code="b">&#x41C;. &#x421;.</subfield>
    <subfield code="f">1833-1900</subfield>
    <subfield code="g">&#x41C;&#x438;&#x445;&#x430;&#x438;&#x43B; &#x421;&#x435;&#x43C;&#x451;&#x43D;&#x43E;&#x432;&#x438;&#x447;</subfield>
    <subfield code="9">197457</subfield>
    <subfield code="3">RU\NLR\AUTH\770197508</subfield>
  </datafield>
  <datafield tag="702" ind1=" " ind2="1">
    <subfield code="4">720</subfield>
    <subfield code="7">ca</subfield>
    <subfield code="8">rus</subfield>
    <subfield code="a">&#x41C;&#x430;&#x440;&#x43A;&#x443;&#x441;</subfield>
    <subfield code="b">&#x412;. &#x41C;.</subfield>
    <subfield code="f">1826-1901</subfield>
    <subfield code="g">&#x412;&#x43B;&#x430;&#x434;&#x438;&#x43C;&#x438;&#x440; &#x41C;&#x438;&#x445;&#x430;&#x439;&#x43B;&#x43E;&#x432;&#x438;&#x447;</subfield>
    <subfield code="9">197462</subfield>
    <subfield code="3">RU\NLR\AUTH\770197513</subfield>
  </datafield>
  <datafield tag="702" ind1=" " ind2="1">
    <subfield code="4">720</subfield>
    <subfield code="a">&#x428;&#x430;&#x43C;&#x448;&#x438;&#x43D;</subfield>
    <subfield code="b">&#x413;. &#x418;.</subfield>
    <subfield code="c">&#x433;&#x43E;&#x441;. &#x434;&#x435;&#x44F;&#x442;&#x435;&#x43B;&#x44C;</subfield>
    <subfield code="f">1853-1918</subfield>
    <subfield code="g">&#x413;&#x440;&#x438;&#x433;&#x43E;&#x440;&#x438;&#x439; &#x418;&#x432;&#x430;&#x43D;&#x43E;&#x432;&#x438;&#x447;</subfield>
    <subfield code="9">197513</subfield>
    <subfield code="3">RU\NLR\AUTH\770197564</subfield>
  </datafield>
  <datafield tag="710" ind1="0" ind2="1">
    <subfield code="a">&#x420;&#x43E;&#x441;&#x441;&#x438;&#x44F;</subfield>
    <subfield code="b">&#x41C;&#x438;&#x43D;&#x438;&#x441;&#x442;&#x435;&#x440;&#x441;&#x442;&#x432;&#x43E; &#x444;&#x438;&#x43D;&#x430;&#x43D;&#x441;&#x43E;&#x432;</subfield>
    <subfield code="3">RU\NLR\AUTH\889947360</subfield>
    <subfield code="9">390360</subfield>
  </datafield>
  <datafield tag="711" ind1="0" ind2="1">
    <subfield code="a">&#x420;&#x43E;&#x441;&#x441;&#x438;&#x44F;</subfield>
    <subfield code="b">&#x413;&#x43E;&#x441;&#x443;&#x434;&#x430;&#x440;&#x441;&#x442;&#x432;&#x435;&#x43D;&#x43D;&#x44B;&#x439; &#x441;&#x43E;&#x432;&#x435;&#x442;</subfield>
    <subfield code="3">RU\NLR\AUTH\889948587</subfield>
    <subfield code="9">392796</subfield>
  </datafield>
  <datafield tag="712" ind1="0" ind2="1">
    <subfield code="4">570</subfield>
    <subfield code="a">&#x420;&#x43E;&#x441;&#x441;&#x438;&#x44F;</subfield>
    <subfield code="b">&#x421;&#x43E;&#x435;&#x434;&#x438;&#x43D;&#x435;&#x43D;&#x43D;&#x44B;&#x435; &#x434;&#x435;&#x43F;&#x430;&#x440;&#x442;&#x430;&#x43C;&#x435;&#x43D;&#x442;&#x44B; &#x433;&#x43E;&#x441;&#x443;&#x434;&#x430;&#x440;&#x441;&#x442;&#x432;&#x435;&#x43D;&#x43D;&#x43E;&#x439; &#x44D;&#x43A;&#x43E;&#x43D;&#x43E;&#x43C;&#x438;&#x438; &#x438; &#x437;&#x430;&#x43A;&#x43E;&#x43D;&#x43E;&#x432;</subfield>
    <subfield code="9">636856</subfield>
    <subfield code="3">RU\NLR\AUTH\880488203</subfield>
  </datafield>
  <datafield tag="852" ind1=" " ind2=" ">
    <subfield code="a">NLR</subfield>
    <subfield code="j">135/294-310 (28)</subfield>
  </datafield>
  <datafield tag="942" ind1=" " ind2=" ">
    <subfield code="c">BOOK</subfield>
  </datafield>
  <datafield tag="980" ind1=" " ind2=" ">
    <subfield code="a">NB</subfield>
  </datafield>
  <datafield tag="995" ind1=" " ind2=" ">
    <subfield code="5">2018-12-11</subfield>
    <subfield code="b">NLR02</subfield>
    <subfield code="c">NLR02</subfield>
    <subfield code="e">RFS</subfield>
    <subfield code="f">ERR-131141</subfield>
    <subfield code="o">0</subfield>
    <subfield code="r">BOOK</subfield>
  </datafield>
</record>
